German to English A-Z (difficult) - Statistics

General Stats
  • This quiz has been taken 955 times
  • The average score is 12 of 26
Answer Stats
German English % Correct
G Geburtstag birthday
93%
B Bushaltestelle bus stop
85%
Z Zahnarzt dentist
81%
P Parkplatz parking lot
75%
A Achterbahn rollercoaster
65%
J Jahreszeit season (of the year)
63%
C Christentum Christianity
53%
N Notausgang emergency exit
53%
D Duschkopf shower head
52%
K Kettensäge chainsaw
47%
I Irrgarten maze
44%
E Einwohnerzahl population
44%
M Marienkäfer lady bug
40%
S Schlafwandler sleepwalker
37%
Q Qualle jellyfish
36%
R Rasenmäher (lawn) mower
36%
U Urwald primeval forest
36%
L Lebewesen living being
33%
H Holzfäller lumberjack
33%
W Wasserrohr waterpipe
33%
O Organspende organ donation
30%
T Tischmanieren table manners
30%
V Vulkanausbruch volcanic eruption
27%
Y Yachthafen yacht harbor
27%
F Forstwirtschaft forestry
13%
X Xenonscheinwerfer xenon headlights
9%
No matching quizzes found
Score Distribution
Percent of People with Each Score
Percentile by Number Answered
Your Score History
You have not taken this quiz